[Event "DEN-ch Seniors"]
[Site "Aalborg"]
[Date "2023.02.19"]
[Round "2"]
[White "Falberg, Hugo"]
[Black "Christiansen, Jens Jorgen"]
[Result "1/2-1/2"]
[WhiteElo "1902"]
[BlackElo "2095"]
[PlyCount "40"]
[EventDate "2023.02.19"]
[EventType "swiss"]
[EventRounds "7"]
[EventCountry "DEN"]
[SourceTitle "CBM 213 Extra"]
[Source "ChessBase"]
[SourceDate "2023.05.31"]
[SourceVersion "1"]
[SourceVersionDate "2023.05.31"]
[SourceQuality "1"]

1. f4 d5 2. Nf3 g6 3. e3 c5 4. Be2 Bg7 5. 0-0 Nc6 6. h3 Nf6 7. d3 0-0 8. Qe1 Qc7 9. Qh4 b5 10. Nc3 Rb8 11. e4 dxe4 12. Nxe4 Nd4 13. Nxd4 cxd4 14. Bd1 Bb7 15. f5 Nxe4 16. dxe4 Qc6 17. Bf4 Rbe8 18. Qg3 e5 19. Bd2 Rc8 20. Rc1 Rfe8 1/2-1/2

[Event "DEN-ch Seniors 65"]
[Site "Aalborg"]
[Date "2022.02.24"]
[Round "5"]
[White "Pakmor, Claus"]
[Black "Christiansen, Jens Jorgen"]
[Result "1/2-1/2"]
[WhiteElo "1900"]
[BlackElo "2080"]
[PlyCount "62"]
[EventDate "2022.02.20"]
[EventType "swiss"]
[EventRounds "7"]
[EventCountry "DEN"]
[SourceTitle "EXT 2024"]
[Source "ChessBase"]
[SourceDate "2023.10.10"]
[SourceVersion "1"]
[SourceVersionDate "2023.10.10"]
[SourceQuality "1"]

1. e4 c6 2. d4 d5 3. e5 c5 4. dxc5 e6 5. a3 Bxc5 6. b4 Bb6 7. Bb2 Ne7 8. Nf3 Nbc6 9. Bd3 Ng6 10. 0-0 Nf4 11. c4 Nxd3 12. Qxd3 0-0 13. Re1 dxc4 14. Qxc4 Bd7 15. Nc3 Rc8 16. Qg4 Ne7 17. Rad1 Nf5 18. Ne4 Kh8 19. Nfg5 Rc2 20. Ba1 Qe8 21. Qh5 Nh6 22. Re2 Ba4 23. Rxc2 Bxc2 24. Rc1 Bxe4 25. Nxe4 f5 26. Qxe8 Rxe8 27. Nd6 Rb8 28. h3 a6 29. Kf1 Kg8 30. Ke2 Nf7 31. Rd1 Bd8 1/2-1/2

[Event "DEN-ch Seniors 65"]
[Site "Aalborg"]
[Date "2022.02.20"]
[Round "1"]
[White "Andersson, Finn"]
[Black "Christiansen, Jens Jorgen"]
[Result "0-1"]
[WhiteElo "1767"]
[BlackElo "2080"]
[PlyCount "90"]
[EventDate "2022.02.20"]
[EventType "swiss"]
[EventRounds "7"]
[EventCountry "DEN"]
[SourceTitle "EXT 2024"]
[Source "ChessBase"]
[SourceDate "2023.10.10"]
[SourceVersion "1"]
[SourceVersionDate "2023.10.10"]
[SourceQuality "1"]

1. e4 c6 2. Nc3 d5 3. Nf3 dxe4 4. Nxe4 Nf6 5. Ng3 h5 6. d4 h4 7. Ne2 Bg4 8. Ng5 Nbd7 9. Qd3 e6 10. Nf4 Qa5+ 11. Bd2 Bb4 12. Bxb4 Qxb4+ 13. c3 Qxb2 14. Rb1 Qa3 15. Qd2 Qa5 16. Nd3 b6 17. Nb2 b5 18. a4 Bf5 19. Rc1 Ne4 20. Nxe4 Bxe4 21. Qg5 0-0 22. Qxh4 Nf6 23. f3 Bg6 24. Qg5 Nd5 25. axb5 cxb5 26. Qd2 Rac8 27. c4 Qxd2+ 28. Kxd2 Nb4 29. c5 a6 30. Nd3 Bxd3 31. Bxd3 Rfd8 32. Ke3 e5 33. Bf5 exd4+ 34. Kd2 Rc7 35. Rhe1 g6 36. Be4 Nd5 37. Bxd5 Rxd5 38. Re8+ Kg7 39. Ra8 Rc6 40. Kd3 b4 41. Ra1 Rcxc5 42. R8xa6 Rc3+ 43. Ke4 Rd7 44. Rb6 d3 45. Ke3 d2+ 0-1

[Event "WchT Seniors 65"]
[Site "Prague"]
[Date "2020.03.10"]
[Round "5.12"]
[White "Christiansen, Jens Jorgen"]
[Black "Dovzhenko, Viktor"]
[Result "0-1"]
[WhiteElo "2042"]
[BlackElo "2069"]
[PlyCount "78"]
[EventDate "2020.03.06"]
[EventType "team-swiss"]
[EventRounds "7"]
[EventCountry "CZE"]
[SourceTitle "CBM 195 Extra"]
[Source "ChessBase"]
[SourceDate "2020.05.31"]
[SourceVersion "1"]
[SourceVersionDate "2020.05.31"]
[SourceQuality "1"]
[WhiteTeam "Denmark 65"]
[BlackTeam "Ukraine 65"]
[WhiteTeamCountry "DEN"]
[BlackTeamCountry "UKR"]

1. d4 g6 2. Nf3 Bg7 3. e4 d6 4. Nc3 a6 5. Bc4 b5 6. Bb3 e6 7. Bg5 Ne7 8. a4 b4 9. Ne2 Bb7 10. Ng3 Nd7 11. a5 0-0 12. Qd2 c5 13. c3 bxc3 14. bxc3 cxd4 15. cxd4 Nf6 16. Qe3 d5 17. e5 Ne4 18. Nxe4 dxe4 19. Nd2 h6 20. Bxe7 Qxe7 21. 0-0 Rfd8 22. Nc4 Qb4 23. Ra4 Qe7 24. Nb6 Rab8 25. Rc1 Bxe5 26. dxe5 Rd3 27. Qxh6 Rxb3 28. Rac4 Rd8 29. h4 e3 30. fxe3 Qa3 31. Qg5 Rbd3 32. e4 Qxa5 33. Nc8 Rd1+ 34. Rxd1 Rxd1+ 35. Kh2 Qe1 36. Ne7+ Kh7 37. Qg4 Qg1+ 38. Kg3 Rd3+ 39. Kf4 Qe3# 0-1

[Event "WchT Seniors 65"]
[Site "Prague"]
[Date "2020.03.07"]
[Round "2.14"]
[White "Christiansen, Jens Jorgen"]
[Black "Ingham, H William"]
[Result "1/2-1/2"]
[WhiteElo "2042"]
[BlackElo "1875"]
[PlyCount "50"]
[EventDate "2020.03.06"]
[EventType "team-swiss"]
[EventRounds "7"]
[EventCountry "CZE"]
[SourceTitle "CBM 195 Extra"]
[Source "ChessBase"]
[SourceDate "2020.05.31"]
[SourceVersion "1"]
[SourceVersionDate "2020.05.31"]
[SourceQuality "1"]
[WhiteTeam "Denmark 65"]
[BlackTeam "England 65 II"]
[WhiteTeamCountry "DEN"]
[BlackTeamCountry "ENG"]

1. d4 Nf6 2. Nf3 d6 3. c4 Nbd7 4. Nc3 e5 5. e4 c6 6. Be2 Be7 7. 0-0 0-0 8. Qc2 a6 9. h3 Re8 10. Be3 Bf8 11. Rfd1 Qc7 12. Rac1 b5 13. cxb5 cxb5 14. a3 Bb7 15. d5 Rec8 16. Qb1 Qd8 17. Nd2 Nc5 18. b4 Ncd7 19. Nb3 Rc7 20. Na5 Rac8 21. Qd3 Ba8 22. a4 bxa4 23. Nxa4 Rxc1 24. Rxc1 Rxc1+ 25. Bxc1 Nc5 1/2-1/2

[Event "DEN-ch Seniors 65"]
[Site "Logumkloster"]
[Date "2020.02.12"]
[Round "4"]
[White "Olesen, Bent"]
[Black "Christiansen, Jens Jorgen"]
[Result "1/2-1/2"]
[WhiteElo "1986"]
[BlackElo "2073"]
[PlyCount "97"]
[EventDate "2020.02.09"]
[EventType "swiss"]
[EventRounds "7"]
[EventCountry "DEN"]
[SourceTitle "EXT 2021"]
[Source "ChessBase"]
[SourceDate "2020.10.23"]
[SourceVersion "1"]
[SourceVersionDate "2020.10.23"]
[SourceQuality "1"]

1. d4 d5 2. Nf3 Nf6 3. e3 Bf5 4. Bd3 Bxd3 5. Qxd3 c6 6. Nbd2 Nbd7 7. b3 e6 8. Bb2 Be7 9. 0-0 0-0 10. c4 c5 11. Rfd1 cxd4 12. exd4 Rc8 13. Rac1 Qa5 14. a3 Qa6 15. Qe3 Rfd8 16. c5 Qc6 17. b4 a6 18. Qb3 b5 19. Qe3 Re8 20. h3 Bf8 21. Ne5 Nxe5 22. dxe5 Nd7 23. Nb3 Qc7 24. f4 Nb8 25. Nd4 Nc6 26. Nxc6 Qxc6 27. Bd4 g6 28. g4 Bg7 29. Rc2 Rf8 30. g5 Ra8 31. h4 a5 32. h5 Rfb8 33. h6 Bf8 34. Qc3 axb4 35. axb4 Ra4 36. Rdd2 Rba8 37. Rd3 Be7 38. Qb3 Bd8 39. Bb2 Bc7 40. Rc1 Kf8 41. Rdd1 Ke8 42. Qc3 Kd7 43. Ra1 Rxa1 44. Bxa1 Ra4 45. Bb2 Qa6 46. Rc1 Kc6 47. Qd2 Ra2 48. Rc2 Qa4 49. Qc3 1/2-1/2

[Event "DEN-ch Seniors 65"]
[Site "Logumkloster"]
[Date "2020.02.10"]
[Round "2"]
[White "Norregaard, Claus"]
[Black "Christiansen, Jens Jorgen"]
[Result "1-0"]
[WhiteElo "1941"]
[BlackElo "2073"]
[PlyCount "133"]
[EventDate "2020.02.09"]
[EventType "swiss"]
[EventRounds "7"]
[EventCountry "DEN"]
[SourceTitle "EXT 2021"]
[Source "ChessBase"]
[SourceDate "2020.10.23"]
[SourceVersion "1"]
[SourceVersionDate "2020.10.23"]
[SourceQuality "1"]

1. d4 d5 2. c4 e6 3. Nf3 c6 4. g3 Nf6 5. Bg2 Nbd7 6. 0-0 Bd6 7. c5 Bc7 8. Bf4 b6 9. cxb6 axb6 10. Nc3 0-0 11. Bxc7 Qxc7 12. Qc2 Qd6 13. e4 Nxe4 14. Nxe4 dxe4 15. Qxe4 Nf6 16. Qc2 Bb7 17. Rfd1 Rfc8 18. a3 Nd5 19. Ng5 g6 20. Ne4 Qe7 21. Rac1 Kg7 22. Qb3 h5 23. Nc3 Qd8 24. Nxd5 exd5 25. Re1 Ba6 26. Re5 Bc4 27. Qe3 Rc7 28. Re1 Qf6 29. Rc1 Raa7 30. Re1 Ra8 31. h4 Rd7 32. Bh3 Rc7 33. Bg2 Rca7 34. f4 Rd8 35. f5 c5 36. fxg6 cxd4 37. Qxd4 Re7 38. gxf7 Rxe5 39. Rxe5 Kxf7 40. Qf2 Qxf2+ 41. Kxf2 d4 42. Ke1 Rg8 43. Kf2 Rd8 44. Bf3 d3 45. Bd1 d2 46. Rxh5 Rd3 47. Re5 Bb3 48. Ke2 Rxg3 49. Kxd2 Bc4 50. Re3 Rg2+ 51. Kc3 Be6 52. Bb3 Bxb3 53. Kxb3 Rh2 54. Re4 Kf6 55. Rb4 Ke7 56. Rxb6 Rxh4 57. Rc6 Kd7 58. Rc4 Rh2 59. Rc2 Rh4 60. Rc4 Rh2 61. Kc3 Kd6 62. b3 Ra2 63. Kb4 Ra1 64. a4 Ra2 65. Kb5 Rf2 66. b4 Rf5+ 67. Kb6 1-0

[Event "Helsingor Xtracon op"]
[Site "Helsingor"]
[Date "2019.07.26"]
[Round "8"]
[White "Christiansen, Jens Jorgen"]
[Black "Slettebo, Jan"]
[Result "1-0"]
[WhiteElo "2053"]
[BlackElo "1888"]
[PlyCount "83"]
[EventDate "2019.07.20"]
[EventType "swiss"]
[EventRounds "10"]
[EventCountry "DEN"]
[SourceTitle "CBM 191 Extra"]
[Source "ChessBase"]
[SourceDate "2019.09.30"]
[SourceVersion "1"]
[SourceVersionDate "2019.09.30"]
[SourceQuality "1"]

1. d4 d5 2. c4 c6 3. Nf3 Nf6 4. Nc3 dxc4 5. a4 Bf5 6. Ne5 Nbd7 7. Nxc4 Nb6 8. Ne5 a5 9. f3 Nfd7 10. Nxd7 Nxd7 11. e4 Bg6 12. Be3 e5 13. dxe5 Nxe5 14. Qxd8+ Rxd8 15. Bb6 Ra8 16. Rd1 f6 17. f4 Nd7 18. Be3 Bb4 19. f5 Bf7 20. Be2 Bb3 21. Ra1 Nc5 22. 0-0 Rd8 23. Bh5+ Ke7 24. e5 Rd3 25. exf6+ Kxf6 26. Rf3 Rhd8 27. Rg3 Bxc3 28. Bg5+ Ke5 29. Bxd8 Bd4+ 30. Kh1 Rxg3 31. hxg3 Ne4 32. Kh2 Kxf5 33. Bxa5 Be5 34. Be1 g6 35. Bf3 h5 36. Ra3 Bd5 37. Bxe4+ Bxe4 38. Rb3 c5 39. Bf2 Bd6 40. Kg1 c4 41. Rb6 Bc7 42. Rb5+ 1-0

[Event "Helsingor Xtracon op"]
[Site "Helsingor"]
[Date "2019.07.22"]
[Round "4"]
[White "Christiansen, Jens Jorgen"]
[Black "Storme, Isak"]
[Result "0-1"]
[WhiteElo "2053"]
[BlackElo "2330"]
[PlyCount "82"]
[EventDate "2019.07.20"]
[EventType "swiss"]
[EventRounds "10"]
[EventCountry "DEN"]
[SourceTitle "CBM 191 Extra"]
[Source "ChessBase"]
[SourceDate "2019.09.30"]
[SourceVersion "1"]
[SourceVersionDate "2019.09.30"]
[SourceQuality "1"]

1. d4 Nf6 2. c4 e6 3. Nf3 d5 4. Nc3 c6 5. e3 Nbd7 6. Bd3 dxc4 7. Bxc4 b5 8. Bd3 Bb7 9. e4 b4 10. Na4 c5 11. e5 Nd5 12. Nxc5 Nxc5 13. dxc5 Bxc5 14. Bb5+ Ke7 15. Bg5+ f6 16. Bh4 Nf4 17. 0-0 Qxd1 18. Rfxd1 Rhd8 19. exf6+ gxf6 20. Bg3 Ng6 21. Bc7 Rxd1+ 22. Rxd1 Bd5 23. Rc1 Bb6 24. a4 bxa3 25. bxa3 Bxc7 26. Rxc7+ Kd6 27. Rc1 Rb8 28. a4 Nf4 29. Kf1 Nxg2 30. Nd4 Nf4 31. Ne2 Rxb5 32. Nxf4 Rb4 33. Nxd5 exd5 34. Ra1 a5 35. Ke2 Ke5 36. Ra3 h5 37. Kd2 Rd4+ 38. Ke2 Rh4 39. h3 Rf4 40. f3 Rb4 41. Re3+ Kf4 0-1

[Event "Helsingor Xtracon op"]
[Site "Helsingor"]
[Date "2019.07.21"]
[Round "3"]
[White "Christiansen, Jens Jorgen"]
[Black "Zwisler, Lars Erik"]
[Result "1-0"]
[WhiteElo "2053"]
[BlackElo "1789"]
[PlyCount "87"]
[EventDate "2019.07.20"]
[EventType "swiss"]
[EventRounds "10"]
[EventCountry "DEN"]
[SourceTitle "CBM 191 Extra"]
[Source "ChessBase"]
[SourceDate "2019.09.30"]
[SourceVersion "1"]
[SourceVersionDate "2019.09.30"]
[SourceQuality "1"]

1. d4 Nf6 2. c4 e6 3. Nf3 Bb4+ 4. Nbd2 Ne4 5. e3 0-0 6. Bd3 f5 7. 0-0 Nxd2 8. Bxd2 Bxd2 9. Qxd2 b6 10. d5 Bb7 11. e4 d6 12. Nd4 Bc8 13. f4 exd5 14. exd5 Qf6 15. Nb5 Na6 16. Qc3 Bd7 17. Qxf6 Rxf6 18. Nd4 Re8 19. Rfe1 Rxe1+ 20. Rxe1 Kf8 21. Bb1 g6 22. a3 Rf7 23. b4 Re7 24. Kf2 Rxe1 25. Kxe1 Ke7 26. Kd2 Nb8 27. Ke3 Na6 28. Bd3 Nb8 29. Be2 c5 30. dxc6 Nxc6 31. Nb5 a5 32. Nc7 Be6 33. Na8 axb4 34. axb4 b5 35. cxb5 Nb8 36. Bf3 d5 37. Nc7 Kd6 38. Nxe6 Kxe6 39. Kd4 Kd6 40. Bxd5 h6 41. Bc6 g5 42. g3 gxf4 43. gxf4 h5 44. h4 1-0

[Event "Aalborg Larsen Memorial"]
[Site "Aalborg"]
[Date "2018.10.18"]
[Round "6"]
[White "Ogaard, Leif"]
[Black "Christiansen, Jens Jorgen"]
[Result "1-0"]
[WhiteElo "2386"]
[BlackElo "2063"]
[PlyCount "63"]
[EventDate "2018.10.13"]
[EventType "swiss"]
[EventRounds "7"]
[EventCountry "DEN"]
[SourceTitle "CBM 186 Extra"]
[Source "ChessBase"]
[SourceDate "2018.08.24"]
[SourceVersion "1"]
[SourceVersionDate "2018.08.24"]
[SourceQuality "1"]

1. c4 e5 2. Nc3 d6 3. Nf3 f5 4. d4 e4 5. Ng5 Be7 6. Nh3 Nf6 7. g3 0-0 8. Bg2 c6 9. 0-0 Na6 10. f3 exf3 11. exf3 d5 12. cxd5 Nxd5 13. Nxd5 Qxd5 14. Nf4 Qd6 15. Be3 Nb4 16. Re1 Bf6 17. Nh5 Nd5 18. Nxf6+ Qxf6 19. Bf2 f4 20. Re5 fxg3 21. Bxg3 Be6 22. Qd2 Rad8 23. Rae1 Bf7 24. R1e4 Rde8 25. Qe1 Qg6 26. Bh3 Nf6 27. Bf5 Qh6 28. Rh4 Nh5 29. Bd7 Rd8 30. Re7 Qf6 31. Bc7 Nf4 32. Rxf4 1-0

[Event "Aalborg Larsen Memorial"]
[Site "Aalborg"]
[Date "2018.10.16"]
[Round "4"]
[White "Christiansen, Jens Jorgen"]
[Black "Christensen, Jan"]
[Result "0-1"]
[WhiteElo "2063"]
[BlackElo "2207"]
[PlyCount "60"]
[EventDate "2018.10.13"]
[EventType "swiss"]
[EventRounds "7"]
[EventCountry "DEN"]
[SourceTitle "CBM 186 Extra"]
[Source "ChessBase"]
[SourceDate "2018.08.24"]
[SourceVersion "1"]
[SourceVersionDate "2018.08.24"]
[SourceQuality "1"]

1. d4 Nf6 2. c4 c5 3. d5 b5 4. cxb5 a6 5. f3 e6 6. e4 c4 7. Nc3 axb5 8. dxe6 fxe6 9. e5 b4 10. exf6 bxc3 11. f7+ Kxf7 12. bxc3 Bc5 13. Nh3 h6 14. Qe2 d5 15. Be3 Qf6 16. Qd2 Qe5 17. Kf2 Bxe3+ 18. Qxe3 Qxe3+ 19. Kxe3 Ra3 20. Kd2 Nc6 21. Kc2 Bd7 22. Kb2 Ra4 23. f4 Rb8+ 24. Kc2 Na5 25. Be2 Ra3 26. Bf3 Ba4+ 27. Kd2 Rb2+ 28. Ke3 Rxc3+ 29. Kd4 Rd3+ 30. Kc5 Nb7# 0-1

[Event "Helsingor Xtracon op"]
[Site "Helsingor"]
[Date "2018.07.28"]
[Round "9"]
[White "Christiansen, Jens Jorgen"]
[Black "Moller, Arne Vagn"]
[Result "1/2-1/2"]
[WhiteElo "2086"]
[BlackElo "1890"]
[PlyCount "80"]
[EventDate "2018.07.21"]
[EventType "swiss"]
[EventRounds "10"]
[EventCountry "DEN"]
[SourceTitle "CBM 185 Extra"]
[Source "ChessBase"]
[SourceDate "2018.07.29"]
[SourceVersion "1"]
[SourceVersionDate "2018.07.29"]
[SourceQuality "1"]

1. d4 Nf6 2. c4 e6 3. Nf3 c5 4. d5 exd5 5. cxd5 d6 6. Nc3 g6 7. g3 Bg7 8. Bg2 0-0 9. 0-0 Re8 10. Nd2 Nbd7 11. h3 Rb8 12. a4 a6 13. a5 b5 14. axb6 Nxb6 15. e4 Bb7 16. Qc2 Qc7 17. Na4 Nfd7 18. Nxb6 Nxb6 19. Ra2 a5 20. Rd1 Bc8 21. Rxa5 Nxd5 22. Nc4 Nb4 23. Qa4 Bd7 24. Qa1 Nc6 25. Ra6 Bc8 26. Ra8 Nd4 27. Rxb8 Qxb8 28. Qa4 Rd8 29. Bg5 Bd7 30. Qa5 Re8 31. Kh2 Qb3 32. Rc1 Nf3+ 33. Bxf3 Qxf3 34. Be3 Qh5 35. h4 Be5 36. Nxe5 Qxe5 37. Qc7 Bb5 38. Qb7 Be2 39. Qd5 Qxe4 40. Qxe4 Rxe4 1/2-1/2

[Event "Helsingor Xtracon op"]
[Site "Helsingor"]
[Date "2018.07.22"]
[Round "3"]
[White "Matras, Ove"]
[Black "Christiansen, Jens Jorgen"]
[Result "0-1"]
[WhiteElo "1839"]
[BlackElo "2086"]
[PlyCount "40"]
[EventDate "2018.07.21"]
[EventType "swiss"]
[EventRounds "10"]
[EventCountry "DEN"]
[SourceTitle "CBM 185 Extra"]
[Source "ChessBase"]
[SourceDate "2018.07.29"]
[SourceVersion "1"]
[SourceVersionDate "2018.07.29"]
[SourceQuality "1"]

1. e4 c6 2. d4 d5 3. f3 e6 4. e5 c5 5. c3 Nc6 6. Ne2 Nh6 7. Bxh6 Qh4+ 8. g3 Qxh6 9. Qd2 Qxd2+ 10. Nxd2 cxd4 11. cxd4 Nb4 12. Kf2 Bd7 13. Nc3 Nc2 14. Nb5 Nxa1 15. Nc7+ Kd8 16. Nxa8 Bb4 17. Nb3 Nxb3 18. a3 Ba5 19. Bd3 Ke7 20. Be2 Nxd4 0-1

[Event "Helsingor Xtracon op"]
[Site "Helsingor"]
[Date "2018.07.21"]
[Round "1"]
[White "Lalla, Karol"]
[Black "Christiansen, Jens Jorgen"]
[Result "0-1"]
[WhiteElo "1580"]
[BlackElo "2086"]
[PlyCount "44"]
[EventDate "2018.07.21"]
[EventType "swiss"]
[EventRounds "10"]
[EventCountry "DEN"]
[SourceTitle "CBM 185 Extra"]
[Source "ChessBase"]
[SourceDate "2018.07.29"]
[SourceVersion "1"]
[SourceVersionDate "2018.07.29"]
[SourceQuality "1"]

1. d4 d5 2. f4 Nf6 3. Nf3 g6 4. e3 Bg4 5. Bd3 Bg7 6. Bd2 0-0 7. 0-0 c5 8. c3 Nc6 9. Be1 Qb6 10. Qc2 Bxf3 11. Rxf3 Rac8 12. dxc5 Qxc5 13. Bf2 Nb4 14. Qe2 Nxd3 15. Qxd3 Qc4 16. Qxc4 dxc4 17. Nd2 Rfd8 18. Rd1 Ne4 19. Be1 Rd3 20. Kf1 Rcd8 21. Ke2 f5 22. Nxe4 fxe4 0-1

[Event "Helsingor Xtracon op"]
[Site "Helsingor"]
[Date "2016.07.30"]
[Round "9"]
[White "Christiansen, Jens Jorgen"]
[Black "Madsen, Michael Ole"]
[Result "0-1"]
[WhiteElo "2170"]
[BlackElo "2010"]
[PlyCount "72"]
[EventDate "2016.07.23"]
[EventType "swiss"]
[EventRounds "10"]
[EventCountry "DEN"]
[SourceTitle "CBM 173 Extra"]
[Source "ChessBase"]
[SourceDate "2016.08.29"]
[SourceVersion "1"]
[SourceVersionDate "2016.08.29"]
[SourceQuality "1"]

1. d4 d5 2. c4 c6 3. Nf3 Nf6 4. e3 Bf5 5. Nc3 e6 6. Nh4 Bg6 7. Be2 Nbd7 8. 0-0 Qc7 9. h3 Be7 10. Nxg6 hxg6 11. Bd2 dxc4 12. Bxc4 e5 13. Qb3 0-0 14. d5 b5 15. Bd3 Nc5 16. Qc2 b4 17. Ne4 Ncxe4 18. Bxe4 Nxe4 19. Qxe4 cxd5 20. Qd3 e4 21. Qb3 a5 22. Rfd1 Qe5 23. Be1 Rfd8 24. a4 Bf6 25. Rd4 Qf5 26. Rd2 d4 27. exd4 Rxd4 28. Rad1 Rad8 29. Qe3 Rd3 30. Qb6 Rxd2 31. Rxd2 Rxd2 32. Bxd2 Bxb2 33. Qd8+ Kh7 34. g4 Bf6 35. Qf8 Qd5 36. g5 Bxg5 0-1

[Event "Helsingor Xtracon op"]
[Site "Helsingor"]
[Date "2016.07.25"]
[Round "4"]
[White "Carlstedt, Jonathan"]
[Black "Christiansen, Jens Jorgen"]
[Result "1-0"]
[WhiteElo "2457"]
[BlackElo "2170"]
[PlyCount "109"]
[EventDate "2016.07.23"]
[EventType "swiss"]
[EventRounds "10"]
[EventCountry "DEN"]
[SourceTitle "CBM 173 Extra"]
[Source "ChessBase"]
[SourceDate "2016.08.29"]
[SourceVersion "1"]
[SourceVersionDate "2016.08.29"]
[SourceQuality "1"]

1. d4 d5 2. c4 c6 3. Nc3 Nf6 4. Nf3 dxc4 5. a4 Bf5 6. Ne5 e6 7. Nxc4 Nbd7 8. f3 a5 9. e4 Bg6 10. Bg5 Qc7 11. Qd2 Nb6 12. Ne5 Bb4 13. Bd3 0-0 14. Nxg6 hxg6 15. 0-0 e5 16. dxe5 Qxe5 17. Bf4 Qe6 18. Qe2 Bc5+ 19. Kh1 Rfd8 20. Rac1 Bd4 21. Bc7 Rd7 22. Bxb6 Bxb6 23. Bc4 Qe7 24. e5 Nd5 25. f4 Ne3 26. Rf3 Nxc4 27. Qxc4 Rd4 28. Qb3 Qb4 29. Na2 Qxb3 30. Rxb3 Ra6 31. Nc3 Rxf4 32. Nd5 Rxa4 33. Nxb6 Re4 34. Rd1 Rxe5 35. Rd8+ Kh7 36. g4 g5 37. Nd7 Re1+ 38. Kg2 Re2+ 39. Kg1 b5 40. Nf8+ Kg8 41. Ne6+ Kh7 42. Nxg5+ Kg6 43. Nh3 Re4 44. Rd6+ f6 45. Nf2 Re1+ 46. Kg2 a4 47. Rbd3 Re2 48. Rd2 Rxd2 49. Rxd2 a3 50. bxa3 Rxa3 51. Rc2 Ra6 52. Nd3 Kg5 53. h3 Ra3 54. Rc5+ Kh4 55. Rh5# 1-0

[Event "Helsingor Xtracon op"]
[Site "Helsingor"]
[Date "2016.07.24"]
[Round "3"]
[White "Christiansen, Jens Jorgen"]
[Black "Kristiansen, Jens"]
[Result "1/2-1/2"]
[WhiteElo "2170"]
[BlackElo "2410"]
[PlyCount "72"]
[EventDate "2016.07.23"]
[EventType "swiss"]
[EventRounds "10"]
[EventCountry "DEN"]
[SourceTitle "CBM 173 Extra"]
[Source "ChessBase"]
[SourceDate "2016.08.29"]
[SourceVersion "1"]
[SourceVersionDate "2016.08.29"]
[SourceQuality "1"]

1. d4 Nf6 2. Nf3 g6 3. g3 Bg7 4. Bg2 0-0 5. 0-0 d6 6. Re1 Nc6 7. e4 Bg4 8. h3 Bxf3 9. Bxf3 Nd7 10. Be3 e5 11. c3 Nb6 12. Na3 exd4 13. cxd4 Qf6 14. Nb5 Rac8 15. e5 dxe5 16. Bxc6 bxc6 17. dxe5 Qxe5 18. Nxa7 Rcd8 19. Qf3 Qd5 20. Qxd5 cxd5 21. Bc5 Rfe8 22. Nc6 Ra8 23. Ne7+ Kh8 24. Bxb6 cxb6 25. Rad1 Bxb2 26. Rxd5 Bf6 27. Rd7 Kg7 28. Kf1 Rxa2 29. Nf5+ Kf8 30. Rxf7+ Kxf7 31. Nd6+ Kf8 32. Rxe8+ Kg7 33. Re2 Ra1+ 34. Kg2 Bd4 35. Rd2 Bc5 36. Ne4 Ra7 1/2-1/2

[Event "Helsingor Xtracon op"]
[Site "Helsingor"]
[Date "2016.07.24"]
[Round "2"]
[White "Hjornevik, Knut Jarle"]
[Black "Christiansen, Jens Jorgen"]
[Result "0-1"]
[WhiteElo "1945"]
[BlackElo "2170"]
[PlyCount "142"]
[EventDate "2016.07.23"]
[EventType "swiss"]
[EventRounds "10"]
[EventCountry "DEN"]
[SourceTitle "CBM 173 Extra"]
[Source "ChessBase"]
[SourceDate "2016.08.29"]
[SourceVersion "1"]
[SourceVersionDate "2016.08.29"]
[SourceQuality "1"]

1. e4 d6 2. d4 Nf6 3. Nc3 g6 4. f4 Bg7 5. Nf3 0-0 6. Bd3 c5 7. dxc5 dxc5 8. e5 Ng4 9. Ne4 Bf5 10. Qe2 Nc6 11. c3 Qd5 12. h3 Nh6 13. g4 c4 14. Bc2 Be6 15. Neg5 Rad8 16. Nxe6 Qxe6 17. Ng5 Qd5 18. Be4 Qb5 19. Bg2 Rd3 20. Be3 Rfd8 21. Be4 R3d7 22. 0-0 e6 23. b4 Ne7 24. Bc2 Nd5 25. Bd4 Nxb4 26. Rab1 Rxd4 27. Rxb4 Qc5 28. Qf2 Bf8 29. Ne4 Rxe4 30. Bxe4 Rd2 31. Qxc5 Bxc5+ 32. Kh1 Bxb4 33. cxb4 Rxa2 34. Bxb7 Rb2 35. Rc1 Rxb4 36. Ba6 Rb3 37. Rxc4 Rxh3+ 38. Kg2 Ra3 39. Rc8+ Kg7 40. Be2 a5 41. Ra8 Ra2 42. Kf1 Ra4 43. Kg2 Rxf4 44. Rxa5 Rd4 45. Kg3 Ng8 46. Bf3 Ne7 47. Rc5 g5 48. Ra5 Ng6 49. Bc6 Ne7 50. Bf3 Nd5 51. Rb5 Ne3 52. Rc5 Rc4 53. Rb5 Nf1+ 54. Kg2 Rf4 55. Be2 Nd2 56. Rc5 Rf2+ 57. Kxf2 Ne4+ 58. Ke3 Nxc5 59. Kd4 Nd7 60. Ke4 Nb6 61. Bf3 Nd5 62. Kd4 Nf4 63. Ke4 h5 64. gxh5 Kh6 65. Bg4 Nxh5 66. Ke3 Ng3 67. Kf3 Nf5 68. Ke4 Kg6 69. Kf3 Nh6 70. Bh3 Kh5 71. Bf1 Kh4 0-1

[Event "Helsingor Xtracon op"]
[Site "Helsingor"]
[Date "2016.07.23"]
[Round "1"]
[White "Christiansen, Jens Jorgen"]
[Black "Larsen, Mette Dalsgaard"]
[Result "1-0"]
[WhiteElo "2170"]
[BlackElo "1715"]
[PlyCount "79"]
[EventDate "2016.07.23"]
[EventType "swiss"]
[EventRounds "10"]
[EventCountry "DEN"]
[SourceTitle "CBM 173 Extra"]
[Source "ChessBase"]
[SourceDate "2016.08.29"]
[SourceVersion "1"]
[SourceVersionDate "2016.08.29"]
[SourceQuality "1"]

1. d4 d5 2. Nf3 Nf6 3. c4 e6 4. g3 b6 5. cxd5 exd5 6. Bg2 Bb7 7. 0-0 c5 8. Nc3 c4 9. Ne5 a6 10. Nxc4 Be7 11. Ne3 0-0 12. a3 Re8 13. Qb3 Nc6 14. Rd1 Na5 15. Qa2 Rc8 16. Bd2 Nc4 17. Nxc4 Rxc4 18. Bf4 b5 19. Rac1 Nh5 20. Be3 Bg5 21. Bxg5 Qxg5 22. e3 Nf6 23. a4 b4 24. Nxd5 Bxd5 25. Bxd5 Rxc1 26. Bxf7+ Kf8 27. Rxc1 Rxe3 28. Rc8+ Ke7 29. fxe3 Qxe3+ 30. Kf1 Qf3+ 31. Ke1 Qe3+ 32. Kd1 Qxd4+ 33. Kc1 Qg1+ 34. Kc2 Qg2+ 35. Kb1 Qe4+ 36. Ka1 Qh1+ 37. Qb1 Qxh2 38. Rc7+ Kd6 39. Qc1 Qf2 40. Qc6+ 1-0

[Event "Aalborg Larsen Memorial"]
[Site "Aalborg"]
[Date "2014.10.14"]
[Round "2"]
[White "Lauridsen, Jesper Morch"]
[Black "Christiansen, Jens Jorgen"]
[Result "1/2-1/2"]
[WhiteElo "2295"]
[BlackElo "2122"]
[PlyCount "50"]
[EventDate "2014.10.13"]
[EventType "swiss"]
[EventRounds "7"]
[EventCountry "DEN"]
[SourceTitle "EXT 2015"]
[Source "ChessBase"]
[SourceDate "2014.11.20"]
[SourceVersion "1"]
[SourceVersionDate "2014.11.20"]
[SourceQuality "1"]

1. e4 c6 2. d4 d5 3. exd5 cxd5 4. c4 Nf6 5. Nc3 g6 6. Nf3 Bg7 7. Be2 0-0 8. 0-0 Nc6 9. Re1 Bg4 10. cxd5 Nxd5 11. h3 Bxf3 12. Bxf3 e6 13. Bxd5 exd5 14. Be3 Qd7 15. Qf3 Rad8 16. Red1 h6 17. Rac1 Rfe8 18. Na4 b6 19. Nc3 Re6 20. Ne2 Ne7 21. Nf4 Rc6 22. g4 Rxc1 23. Rxc1 Nc6 24. Nxd5 Qxd5 25. Qxd5 Bf8 1/2-1/2